2023 F2 grid - Statistics

General Stats
  • This quiz has been taken 89 times
    28 since last reset
  • The average score is 15 of 25
Answer Stats
Team Nationality Rounds Answer % Correct
MP Motorsport Argentina 13 Franco Colapinto
90%
Dams Monaco All Arthur Leclerc
80%
Prema Racing UK All Oliver Bearman
80%
ART GP France All Victor Martins
80%
Campos Racing India All Kush Maini
70%
MP Motorsport Norway All Dennis Hauger
65%
Trident Estonia 13 Paul Aron
65%
Van Amersfoort Racing Netherlands All Richard Verschoor
65%
PHM Racing Israel All Roy Nissany
65%
Rodin Carlin Brazil All Enzo Fittipaldi
60%
MP Motorsport India 1-12 Jehan Daruvala
60%
Trident Czech Republic All Roman Stanek
60%
ART GP France All Théo Pourchaire
60%
Rodin Carlin Barbados All Zane Maloney
60%
Invicta Virtuosi Racing Belgium All Amaury Cordeel
55%
Dams Japan All Ayumu Iwasa
55%
Prema Racing Denmark All Frederick Vesti
55%
Hitech GP USA All Jak Crawford
55%
Van Amersfoort Racing USA All Juan Manuel Correa
55%
Hitech GP France All Isack Hadjar
50%
Invicta Virtuosi Racing Australia All Jack Doohan
50%
PHM Racing USA 1-9 Brad Benavides
40%
Trident France 1-12 Clément Novalak
40%
Campos Racing Switzerland All Ralph Boschung
40%
PHM Racing UK 10-13 Josh Mason
30%
No matching quizzes found
Score Distribution
Percent of People with Each Score
Percentile by Number Answered
Your Score History
You have not taken this quiz since the last reset